Loading...
Fine Arts - Other Arts | 3 | 5 | 0 | 1 | 95 | 36 | 93.88 | 2 | 6 |
Visual Arts | 2 | 5 | 0 | 1 | 80 | 57 | 102.00 | 1 | 7 |
Literature - European Literature | 3 | 4 | 1 | 2 | 80 | 46 | 89.71 | 2 | 6 |
Literature - British Literature | 2 | 4 | 0 | 1 | 70 | 52 | 91.17 | 1 | 5 |
Literature - World Literature | 2 | 3 | 0 | 1 | 60 | 74 | 92.00 | 0 | 3 |
Social Science | 0 | 4 | 0 | 0 | 40 | 67 | 74.75 | 2 | 4 |
Beliefs | 0 | 4 | 1 | 1 | 35 | 84 | 114.25 | 2 | 3 |
History - European History | 3 | 0 | 2 | 0 | 35 | 55 | 55.67 | 1 | 3 |
Literature - American Literature | 1 | 2 | 1 | 0 | 30 | 69 | 88.33 | 1 | 2 |
Science - Other Science | 0 | 2 | 0 | 0 | 20 | 73 | 81.50 | 1 | 2 |
History - World History | 1 | 0 | 0 | 0 | 15 | 45 | 45.00 | 0 | 1 |
Science - Physics | 1 | 0 | 0 | 0 | 15 | 34 | 34.00 | 1 | 1 |
History - American History | 0 | 1 | 0 | 0 | 10 | 98 | 98.00 | 0 | 0 |
Other Academic | 0 | 1 | 0 | 0 | 10 | 79 | 79.00 | 0 | 0 |
History - Ancient History | 0 | 1 | 0 | 0 | 10 | 100 | 100.00 | 0 | 1 |
Philosophy | 0 | 0 | 2 | 0 | -10 | 0.00 | 0 | 0 |